000 00727nam a2200265Ia 4500
003 OSt
005 20221006160337.0
006 a|||||r|||| 00| 0
007 ta
008 221006b |||||||| |||| 00| 0 eng d
020 _a9781565913349
_cW10,000
024 _a45,009
037 _bGift, Window on korea
_cTextual
040 _aEASL
_cEASL
_beng
041 _2eng
_aeng
082 _aNT495, Q3
100 _aKim mie he
_9672973
245 0 _aActs and scenes
_b Western drama in Korean theater
260 _aSeoul
_bHollym Korea
_c2013
300 _a144p.
_ccm.
490 _v KEL
650 _aKEL
942 _hNT495, Q3
_cTEXL
_2CC
999 _c1113101
_d1113101